[Event "Birstonas op"]
[Site "Birstonas"]
[Date "2002.??.??"]
[Round "8"]
[White "Zagorskis, Darius"]
[Black "Frey, Kenneth"]
[Result "1-0"]
[WhiteElo "2475"]
[BlackElo "2400"]
[PlyCount "121"]
[EventDate "2002.08.17"]
[EventType "swiss"]
[EventRounds "9"]
[EventCountry "LTU"]
[Source "Fruth,M"]
[SourceDate "2003.05.15"]

1. c4 e6 2. Nc3 d5 3. d4 Be7 4. Nf3 Nf6 5. Bg5 O-O 6. e3 h6 7. Bh4 b6 8. Bd3
Bb7 9. O-O Nbd7 10. Qe2 Ne4 11. Bg3 c5 12. Rac1 Nxg3 13. hxg3 dxc4 14. Bxc4 Bf6
15. Rfd1 Qe7 16. Ba6 Bxf3 17. gxf3 cxd4 18. exd4 Rad8 19. Bb5 Nb8 20. d5 Bxc3
21. Rxc3 Qd6 22. Bc4 e5 23. Bb3 Rc8 24. Rdc1 Rxc3 25. Rxc3 Rd8 26. Qc4 Nd7 27.
Qc7 Qxc7 28. Rxc7 Nc5 29. Bc4 Rd7 30. d6 a5 31. Rc8+ Kh7 32. Rc6 Nb7 33. Rc7
Nc5 34. Rxd7 Nxd7 35. Bxf7 g5 36. Be8 Nc5 37. Kg2 Kg7 38. d7 Ne6 39. Kh3 Kf6
40. Kg4 Nd8 41. Kh5 Kg7 42. a4 Ne6 43. Bg6 Nd8 44. Be4 Ne6 45. Bf5 Nd8 46. Bh3
Nf7 47. Bf5 Nd8 48. f4 gxf4 49. gxf4 Kf6 50. Bh3 exf4 51. Kxh6 Nf7+ 52. Kh5 Ke7
53. Bf5 Ne5 54. Kg5 Nc4 55. b3 Nd2 56. Bc2 f3 57. Kf4 Kxd7 58. Ke3 Nf1+ 59.
Kxf3 Kc6 60. Ke2 Nh2 61. f3 1-0

[Event "Sao Paulo-ch leg 6"]
[Site "Sao Paulo"]
[Date "2002.??.??"]
[Round "5"]
[White "Leitao, Rafael"]
[Black "Pelikian, Jefferson"]
[Result "1/2-1/2"]
[WhiteElo "2558"]
[BlackElo "2403"]
[PlyCount "49"]
[EventDate "2002.08.10"]
[EventType "swiss"]
[EventRounds "6"]
[EventCountry "BRA"]
[Source "Fruth,M"]
[SourceDate "2003.05.15"]

1. d4 d5 2. c4 e6 3. Nc3 Be7 4. Nf3 Nf6 5. Bg5 O-O 6. e3 h6 7. Bh4 b6 8. Bxf6
Bxf6 9. cxd5 exd5 10. Be2 Be6 11. O-O c5 12. Rc1 Nd7 13. Ba6 Qb8 14. Qa4 Rd8
15. h3 Nf8 16. Rfd1 Ng6 17. b4 c4 18. Qc2 Qd6 19. a3 Bc8 20. Bxc8 Raxc8 21. Re1
Nh4 22. Nxh4 Bxh4 23. Rcd1 a6 24. Re2 Be7 25. e4 1/2-1/2

[Event "Rowell Inv IT 3"]
[Site "Los Angeles"]
[Date "2002.08.11"]
[Round "3"]
[White "Kraai, Jesse"]
[Black "Ambarcumjan, Armen"]
[Result "1/2-1/2"]
[WhiteElo "2439"]
[BlackElo "2422"]
[PlyCount "146"]
[EventDate "2002.08.11"]
[EventType "tourn"]
[EventRounds "9"]
[EventCountry "USA"]
[EventCategory "4"]
[Source "Fruth,M"]
[SourceDate "2003.05.15"]

1. Nf3 Nf6 2. c4 e6 3. Nc3 d5 4. d4 Be7 5. Bg5 h6 6. Bh4 O-O 7. e3 b6 8. Qb3
Bb7 9. Bxf6 Bxf6 10. cxd5 exd5 11. Rd1 c6 12. Bd3 Nd7 13. O-O Be7 14. e4 dxe4
15. Nxe4 Qc7 16. Rfe1 Rad8 17. Bb1 Nf6 18. Qd3 g6 19. Nc3 Nd5 20. a3 Nxc3 21.
bxc3 Bf6 22. h4 h5 23. Ba2 Kg7 24. Ng5 Bxg5 25. hxg5 Rd7 26. Qf3 Qd8 27. Re5 c5
28. d5 b5 29. c4 a6 30. Qc3 Kg8 31. cxb5 Qb6 32. bxa6 Bxa6 33. d6 Rxd6 34. Rb1
Qd8 35. Qxc5 Rd1+ 36. Rxd1 Qxd1+ 37. Kh2 Qd2 38. Bd5 Rc8 39. Qe3 Qxe3 40. Rxe3
Rc5 41. Bb3 Rxg5 42. Rf3 Ra5 43. a4 Be2 44. Rxf7 Kh8 45. Bc2 Ra6 46. Re7 Bc4
47. Kg3 Kg8 48. Kh4 Bd5 49. g3 Kf8 50. Rc7 Bf7 51. f4 Be8 52. Bd3 Rd6 53. Bb5
Bf7 54. a5 g5+ 55. fxg5 Rd4+ 56. Kh3 Be6+ 57. Kh2 Rd2+ 58. Kg1 Rd5 59. Rb7 Rxg5
60. Kf2 Rf5+ 61. Ke3 Re5+ 62. Kd4 Rd5+ 63. Ke4 Rg5 64. Rb8+ Ke7 65. a6 Bd5+ 66.
Kf4 Rg4+ 67. Ke5 Rg5+ 68. Kd4 Bh1 69. a7 Rg4+ 70. Kc5 Rxg3 71. Re8+ Kf6 72. Re1
Ba8 73. Kb6 Ra3 {Later 1/2-1/2} 1/2-1/2

[Event "CRO-ch TT 1 League"]
[Site "Medulin"]
[Date "2002.09.17"]
[Round "?"]
[White "Pinter, J."]
[Black "Lalic, Bogdan"]
[Result "1/2-1/2"]
[WhiteElo "2562"]
[BlackElo "2540"]
[PlyCount "30"]
[EventDate "2002.09.09"]
[EventType "team"]
[EventRounds "9"]
[EventCountry "CRO"]
[Source "Fruth,M"]
[SourceDate "2003.05.15"]

1. d4 d5 2. c4 e6 3. Nc3 Be7 4. Nf3 Nf6 5. Bg5 h6 6. Bh4 O-O 7. e3 b6 8. Bd3
Bb7 9. O-O Nbd7 10. Rc1 c5 11. Qe2 Ne4 12. Bg3 Nxg3 13. hxg3 cxd4 14. exd4 dxc4
15. Bxc4 Nf6 1/2-1/2

[Event "Alushta Autumn IT 1"]
[Site "Alushta"]
[Date "2002.09.22"]
[Round "11"]
[White "Selin, Oleg"]
[Black "Nikitin, Andrey"]
[Result "1/2-1/2"]
[WhiteElo "2432"]
[BlackElo "2471"]
[PlyCount "24"]
[EventDate "2002.09.15"]
[EventType "tourn"]
[EventRounds "15"]
[EventCountry "UKR"]
[EventCategory "9"]
[Source "Fruth,M"]
[SourceDate "2003.05.15"]

1. d4 d5 2. Nf3 e6 3. c4 Be7 4. Nc3 Nf6 5. Bg5 h6 6. Bh4 O-O 7. e3 b6 8. Be2
Bb7 9. Bxf6 Bxf6 10. cxd5 exd5 11. b4 c6 12. O-O a5 1/2-1/2

[Event "EU-ch Clubs fin"]
[Site "Halkidiki"]
[Date "2002.09.24"]
[Round "3"]
[White "Maksimenko, Andrei"]
[Black "Zoler, Dan"]
[Result "1-0"]
[WhiteElo "2523"]
[BlackElo "2503"]
[PlyCount "119"]
[EventDate "2002.09.22"]
[EventType "team"]
[EventRounds "7"]
[EventCountry "GRE"]
[Source "Fruth,M"]
[SourceDate "2003.05.15"]

1. d4 Nf6 2. c4 e6 3. Nf3 d5 4. Nc3 Be7 5. Bg5 h6 6. Bh4 O-O 7. e3 b6 8. Rb1
Nbd7 9. cxd5 exd5 10. Bd3 Bb7 11. O-O Ne4 12. Bxe7 Qxe7 13. Ne2 c5 14. Rc1 c4
15. Bxe4 Qxe4 16. Qa4 Qe6 17. b3 Bc6 18. Qa3 g5 19. Nc3 b5 20. bxc4 bxc4 21.
Rfe1 f5 22. Qa5 Rf6 23. Rb1 Raf8 24. Qxa7 f4 25. Qc7 fxe3 26. Rxe3 Qf5 27. h3
h5 28. Rbe1 g4 29. Re5 Nxe5 30. Rxe5 Qh7 31. Rg5+ Kh8 32. Qxh7+ Kxh7 33. Rxh5+
Rh6 34. Rxh6+ Kxh6 35. Ne5 Ba8 36. Nxg4+ Kg7 37. Ne3 Rd8 38. f3 Kf6 39. Kf2 Ke6
40. g4 Bc6 41. h4 Rb8 42. Ned1 Ra8 43. Ke2 Rf8 44. h5 Kf6 45. f4 Kg7 46. Kf3
Ra8 47. Ke2 Rf8 48. Kf3 Ra8 49. Ke3 Re8+ 50. Kd2 Rb8 51. Ne2 Ra8 52. Ndc3 Rb8
53. Kc2 Ra8 54. f5 Kh6 55. Nf4 Rg8 56. Ng6 Rg7 57. Ne5 Bb7 58. f6 Rg8 59. Nf7+
Kh7 60. g5 1-0

[Event "EU-ch Clubs fin"]
[Site "Halkidiki"]
[Date "2002.09.25"]
[Round "4"]
[White "Relange, Eloi"]
[Black "Onischuk, Alexander"]
[Result "0-1"]
[WhiteElo "2494"]
[BlackElo "2644"]
[PlyCount "98"]
[EventDate "2002.09.22"]
[EventType "team"]
[EventRounds "7"]
[EventCountry "GRE"]
[Source "Fruth,M"]
[SourceDate "2003.05.15"]

1. d4 Nf6 2. c4 e6 3. Nf3 d5 4. Nc3 Be7 5. Bg5 h6 6. Bh4 O-O 7. e3 b6 8. Rc1
Bb7 9. a3 Nbd7 10. cxd5 exd5 11. Bd3 c5 12. O-O Ne4 13. Bxe7 Qxe7 14. dxc5 bxc5
15. Bb1 Ndf6 16. Qc2 Rac8 17. Rfd1 Rfd8 18. Nxe4 Nxe4 19. Qa4 a6 20. Bxe4 dxe4
21. Nd2 Rd3 22. Nf1 Rcd8 23. Re1 h5 24. b4 cxb4 25. axb4 h4 26. h3 Qd7 27. Qa5
Rd5 28. Rc5 Rc8 29. Rec1 Rdxc5 30. Rxc5 Rxc5 31. Qxc5 f6 32. Qh5 Qa4 33. Nd2
Qxb4 34. Qe8+ Qf8 35. Qe6+ Qf7 36. Qb6 Qd5 37. Nb3 Qc6 38. Qd8+ Kh7 39. Nd4
Qc1+ 40. Kh2 Qc5 41. Kg1 Bd5 42. Qd7 a5 43. Nf5 Bf7 44. Nxh4 Qd5 45. Qa7 a4 46.
Nf5 a3 47. Nxg7 Qd1+ 48. Kh2 Qd6+ 49. g3 Kxg7 0-1

[Event "EU-ch Clubs fin"]
[Site "Halkidiki"]
[Date "2002.09.28"]
[Round "7"]
[White "Relange, Eloi"]
[Black "Kruppa, Yuri"]
[Result "1/2-1/2"]
[WhiteElo "2494"]
[BlackElo "2544"]
[PlyCount "21"]
[EventDate "2002.09.22"]
[EventType "team"]
[EventRounds "7"]
[EventCountry "GRE"]
[Source "Fruth,M"]
[SourceDate "2003.05.15"]

1. d4 Nf6 2. Nf3 e6 3. c4 d5 4. Nc3 Be7 5. Bg5 h6 6. Bh4 O-O 7. e3 b6 8. Rc1
Bb7 9. Bd3 c5 10. cxd5 cxd4 11. Nxd4 1/2-1/2

[Event "Alushta Autumn IT 3"]
[Site "Alushta"]
[Date "2002.??.??"]
[Round "?"]
[White "Selin, Oleg"]
[Black "Nikitin, Andrey"]
[Result "1/2-1/2"]
[WhiteElo "2432"]
[BlackElo "2471"]
[PlyCount "30"]
[EventDate "2002.09.27"]
[EventType "tourn"]
[EventRounds "13"]
[EventCountry "UKR"]
[Source "Fruth,M"]
[SourceDate "2003.05.15"]

1. d4 d5 2. c4 e6 3. Nc3 Be7 4. Nf3 Nf6 5. Bg5 h6 6. Bh4 O-O 7. e3 b6 8. Be2
Bb7 9. Bxf6 Bxf6 10. cxd5 exd5 11. b4 c6 12. O-O a5 13. bxa5 Rxa5 14. a4 Ba6
15. Bxa6 Rxa6 1/2-1/2

[Event "FIDE World Cup D"]
[Site "Hyderabad"]
[Date "2002.10.13"]
[Round "4"]
[White "Beliavsky, Alexander G"]
[Black "Short, Nigel D"]
[Result "1/2-1/2"]
[WhiteElo "2650"]
[BlackElo "2684"]
[PlyCount "62"]
[EventDate "2002.10.05"]
[EventType "tourn"]
[EventRounds "5"]
[EventCountry "IND"]
[EventCategory "15"]
[Source "Fruth,M"]
[SourceDate "2003.05.15"]

1. d4 Nf6 2. c4 e6 3. Nf3 d5 4. Nc3 Be7 5. Bg5 h6 6. Bh4 O-O 7. e3 b6 8. Bd3
Bb7 9. Bxf6 Bxf6 10. cxd5 exd5 11. O-O Qe7 12. Rc1 Rd8 13. b4 Qxb4 14. Nb5 Nc6
15. Nxc7 Rac8 16. Na6 Qa5 17. Qe2 Be7 18. Rc2 Bd6 19. Rfc1 Qa3 20. g3 Na5 21.
Nc7 Bxc7 22. Rxc7 Qxc1+ 23. Rxc1 Rxc1+ 24. Kg2 Nc4 25. Nh4 Nd6 26. Qh5 Bc8 27.
Qe5 Rc3 28. Bb1 Rc1 29. Bd3 b5 30. Qe7 Rd7 31. Qe5 Rd8 1/2-1/2

[Event "SWE-ch TT 200203"]
[Site "SWE"]
[Date "2003.03.16"]
[Round "11"]
[White "Gausel, Einar"]
[Black "Webb, Simon"]
[Result "1-0"]
[WhiteElo "2533"]
[BlackElo "2420"]
[PlyCount "81"]
[EventDate "2002.10.11"]
[EventType "team"]
[EventRounds "11"]
[EventCountry "SWE"]
[Source "Fruth,M"]
[SourceDate "2003.05.15"]

1. d4 d5 2. Nf3 Nf6 3. c4 e6 4. Nc3 Be7 5. Bg5 O-O 6. e3 h6 7. Bh4 b6 8. Bd3
Bb7 9. O-O Nbd7 10. Qe2 c5 11. Rfd1 cxd4 12. exd4 dxc4 13. Bxc4 Rc8 14. Rac1
Bxf3 15. gxf3 Nh5 16. Bg3 Bg5 17. Rc2 Nf4 18. Qf1 Qf6 19. Ba6 Rcd8 20. Ne4 Qf5
21. Bb7 e5 22. Rc4 Be7 23. d5 Nc5 24. d6 Bxd6 25. Nxd6 Rxd6 26. Rxd6 Nxb7 27.
Rd2 Nc5 28. Bxf4 exf4 29. Rcd4 Ne6 30. Rd5 Qg6+ 31. Kh1 Rc8 32. Qd3 Qf6 33. Rc2
Re8 34. Qb5 Nc7 35. Rxc7 Re1+ 36. Kg2 Qg6+ 37. Kh3 Qe6+ 38. Rf5 g6 39. Rxa7
gxf5 40. Qb4 Qg6 41. Qxe1 1-0

[Event "Bled olm 35"]
[Site "Bled"]
[Date "2002.11.02"]
[Round "8"]
[White "Jobava, Baadur"]
[Black "Azarov, Sergei"]
[Result "1-0"]
[WhiteElo "2570"]
[BlackElo "2520"]
[PlyCount "111"]
[EventDate "2002.10.26"]
[EventType "team"]
[EventRounds "14"]
[EventCountry "SLO"]
[Source "Fruth,M"]
[SourceDate "2003.05.15"]

1. d4 d5 2. c4 e6 3. Nc3 Nf6 4. Bg5 Be7 5. e3 O-O 6. Nf3 h6 7. Bh4 b6 8. Bd3
Bb7 9. O-O Nbd7 10. Qe2 dxc4 11. Bxc4 Ne4 12. Bg3 Bd6 13. Rac1 Bxg3 14. hxg3 c5
15. Nxe4 Bxe4 16. dxc5 Nxc5 17. b4 Nd7 18. Bb5 Nf6 19. Nd4 Qd6 20. Qb2 Rac8 21.
Ba6 Rxc1 22. Rxc1 Rd8 23. Bf1 Qe5 24. Qc3 Bb7 25. b5 Rc8 26. Qa3 Rxc1 27. Qxc1
Qd5 28. Qc7 Ng4 29. Nc6 Qxa2 30. Qf4 f5 31. e4 Qc2 32. exf5 exf5 33. Ne7+ Kh7
34. Nxf5 Nf6 35. Nxh6 Qe4 36. Nf7 Qxf4 37. gxf4 Ne8 38. Bc4 g6 39. f3 Kg7 40.
Kf2 a5 41. bxa6 Bxa6 42. Bxa6 Kxf7 43. Ke3 Nd6 44. Bd3 Kf6 45. Kd4 Ne8 46. g4
g5 47. fxg5+ Kxg5 48. Ke5 Nc7 49. Be2 b5 50. f4+ Kg6 51. Bd3+ Kg7 52. f5 b4 53.
f6+ Kf8 54. Bc4 Na8 55. g5 Nb6 56. Be6 1-0

[Event "Bled olm 35"]
[Site "Bled"]
[Date "2002.11.10"]
[Round "14"]
[White "Miladinovic, Igor"]
[Black "Azarov, Sergei"]
[Result "1/2-1/2"]
[WhiteElo "2518"]
[BlackElo "2520"]
[PlyCount "39"]
[EventDate "2002.10.26"]
[EventType "team"]
[EventRounds "14"]
[EventCountry "SLO"]
[Source "Fruth,M"]
[SourceDate "2003.05.15"]

1. d4 d5 2. c4 e6 3. Nc3 Nf6 4. Bg5 Be7 5. e3 O-O 6. Nf3 h6 7. Bh4 b6 8. Qc2
Nbd7 9. cxd5 exd5 10. Bd3 c5 11. O-O Bb7 12. Bg3 a6 13. dxc5 bxc5 14. Rfd1 Qb6
15. Qb3 Qa7 16. Bf5 Rad8 17. Bc7 Rc8 18. Bg3 Rcd8 19. Bc7 Rc8 20. Bg3 1/2-1/2

[Event "Zadar Christmas op"]
[Site "Zadar"]
[Date "2002.12.20"]
[Round "7"]
[White "Jovanic, Ognjen"]
[Black "Kovacevic, Blazimir"]
[Result "0-1"]
[WhiteElo "2432"]
[BlackElo "2441"]
[PlyCount "88"]
[EventDate "2002.12.14"]
[EventType "swiss"]
[EventRounds "9"]
[EventCountry "CRO"]
[Source "Fruth,M"]
[SourceDate "2003.05.15"]

1. d4 Nf6 2. Nf3 d5 3. c4 e6 4. Nc3 Be7 5. Bg5 h6 6. Bh4 O-O 7. e3 b6 8. Rc1
Bb7 9. cxd5 Nxd5 10. Bxe7 Qxe7 11. Bd3 Rc8 12. O-O Nxc3 13. bxc3 c5 14. Qe2 Nd7
15. e4 cxd4 16. cxd4 Qa3 17. Qe3 a6 18. Bb1 Qxe3 19. fxe3 Kf8 20. Nd2 Ke7 21.
e5 Rxc1 22. Rxc1 Rc8 23. Rxc8 Bxc8 24. Kf2 Bb7 25. e4 f6 26. exf6+ Kxf6 27. Ke3
Ke7 28. Bd3 Kd6 29. g3 b5 30. Be2 Bc6 31. Nb3 e5 32. Bg4 Nb6 33. Kd3 b4 34. Be2
Bb5+ 35. Ke3 Nc4+ 36. Kf3 exd4 37. Nxd4 Ne5+ 38. Kf4 Bxe2 39. Nxe2 a5 40. Nd4
a4 41. Nb5+ Kc5 42. Kxe5 Kxb5 43. Kd4 a3 44. e5 b3 0-1

[Event "CEMAR IT A"]
[Site "Mondariz"]
[Date "2002.12.23"]
[Round "9"]
[White "Oms Pallise, Josep"]
[Black "Narciso Dublan, Marc"]
[Result "1/2-1/2"]
[WhiteElo "2432"]
[BlackElo "2467"]
[PlyCount "29"]
[EventDate "2002.12.15"]
[EventType "tourn"]
[EventRounds "9"]
[EventCountry "ESP"]
[EventCategory "8"]
[Source "Fruth,M"]
[SourceDate "2003.05.15"]

1. d4 d5 2. c4 e6 3. Nc3 Be7 4. Nf3 Nf6 5. Bg5 h6 6. Bh4 O-O 7. e3 b6 8. cxd5
Nxd5 9. Bxe7 Qxe7 10. Nxd5 exd5 11. Rc1 Be6 12. Qa4 c5 13. Qa3 Rc8 14. Be2 a5
15. O-O 1/2-1/2

[Event "New York Masters 38"]
[Site "New York"]
[Date "2002.12.17"]
[Round "2"]
[White "Nakamura, Hikaru"]
[Black "Krush, Irina"]
[Result "1-0"]
[WhiteElo "2614"]
[BlackElo "2400"]
[PlyCount "64"]
[EventDate "2002.12.17"]
[EventType "swiss"]
[EventCountry "USA"]
[Source "Fruth,M"]
[SourceDate "2003.05.15"]

1. c4 e6 2. Nc3 d5 3. d4 Be7 4. Nf3 Nf6 5. Bg5 O-O 6. e3 h6 7. Bh4 b6 8. cxd5
exd5 9. Bd3 Be6 10. Bxf6 Bxf6 11. O-O c5 12. dxc5 bxc5 13. Rc1 Nd7 14. e4 dxe4
15. Bxe4 Rb8 16. b3 Qa5 17. Bd5 Bxd5 18. Qxd5 Nb6 19. Qd3 Rfd8 20. Qc2 Bxc3 21.
Qxc3 Qxa2 22. Ra1 Qe2 23. Qxc5 Rdc8 24. Qd6 Rd8 25. Qc7 Nd5 26. Qxa7 Nf4 27.
Rae1 Qb5 28. Qe3 Nd5 29. Qe5 Qxb3 30. Nd4 Qc3 31. Rc1 Qb2 32. Rc2 Qb3 1-0

[Event "Excelsior Cup"]
[Site "Goteborg"]
[Date "2003.??.??"]
[Round "1"]
[White "Palo, Davor"]
[Black "Johannessen, Leif Erlend"]
[Result "0-1"]
[WhiteElo "2484"]
[BlackElo "2527"]
[PlyCount "84"]
[EventDate "2003.01.??"]
[EventType "tourn"]
[EventRounds "9"]
[EventCountry "SWE"]
[Source "Fruth,M"]
[SourceDate "2003.05.15"]

1. Nf3 d5 2. d4 Nf6 3. c4 e6 4. Nc3 Be7 5. Bg5 h6 6. Bh4 O-O 7. e3 b6 8. Be2
Bb7 9. Bxf6 Bxf6 10. cxd5 exd5 11. b4 c6 12. O-O a5 13. bxa5 Rxa5 14. Qb3 Bc8
15. Rab1 Bf5 16. Rbc1 Nd7 17. Rfd1 b5 18. Ne1 Qa8 19. Bd3 Bg4 20. f3 Be6 21. f4
Nb6 22. Bb1 g6 23. Qb2 b4 24. Qxb4 Nc4 25. Ne4 Bg7 26. Rxc4 dxc4 27. Nc5 Rb8
28. Qd2 Rab5 29. Bc2 Bg4 30. Rc1 Qxa2 31. h3 Rxc5 32. dxc5 Be6 33. Nf3 Rb2 34.
Qd1 Qa3 35. Qd2 Qxc5 36. Nd4 Bxd4 37. exd4 Qa3 38. Rb1 Bf5 39. Qc1 Rxb1 40.
Qxb1 Qe3+ 41. Kh1 Bxc2 42. Qxc2 Qxd4 0-1

[Event "FRA-ch TT 1"]
[Site "FRA"]
[Date "2003.05.10"]
[Round "11.1"]
[White "Chernuschevich, Alexei"]
[Black "Marcelin, Cyril"]
[Result "1/2-1/2"]
[WhiteElo "2486"]
[BlackElo "2503"]
[PlyCount "55"]
[EventDate "2003.01.31"]
[EventType "team"]
[EventRounds "11"]
[EventCountry "FRA"]
[Source "Fruth,M"]
[SourceDate "2003.05.15"]
[WhiteTeam "Besancon"]
[BlackTeam "Noyon"]
[WhiteTeamCountry "FRA"]
[BlackTeamCountry "FRA"]

1. d4 d5 2. c4 e6 3. Nc3 Nf6 4. Bg5 Be7 5. e3 O-O 6. Nf3 h6 7. Bh4 b6 8. Bd3 c5
9. O-O cxd4 10. exd4 dxc4 11. Bxc4 Bb7 12. Re1 Nc6 13. Rc1 Rc8 14. Bb3 Na5 15.
Bc2 Bxf3 16. Qxf3 Qxd4 17. Bg3 Rfd8 18. h3 Qb4 19. Qe2 Kf8 20. Bd3 Nc6 21. a3
Qa5 22. Nb5 Qa4 23. Bc7 Nd4 24. Nxd4 Rxd4 25. Bb5 Qb3 26. Bc4 Qa4 27. Bb5 Qb3
28. Bc4 1/2-1/2

[Event "Bar IT"]
[Site "Bar"]
[Date "2003.??.??"]
[Round "7"]
[White "Miljkovic, Miroslav"]
[Black "Abramovic, Bosko"]
[Result "1-0"]
[WhiteElo "2414"]
[BlackElo "2474"]
[PlyCount "61"]
[EventDate "2003.02.??"]
[EventType "tourn"]
[EventRounds "9"]
[EventCountry "YUG"]
[Source "Fruth,M"]
[SourceDate "2003.05.15"]

1. d4 d5 2. c4 e6 3. Nc3 Be7 4. Nf3 Nf6 5. Bg5 h6 6. Bh4 O-O 7. e3 b6 8. Qc2
Nbd7 9. cxd5 exd5 10. O-O-O Bb7 11. Bd3 c5 12. Kb1 Rc8 13. Bxf6 Nxf6 14. Bf5
Rb8 15. g4 b5 16. dxc5 b4 17. Nb5 Qa5 18. Nfd4 a6 19. Nd6 Bxd6 20. cxd6 Qd8 21.
h4 Qxd6 22. g5 Ne4 23. Rhg1 Kh8 24. gxh6 gxh6 25. Bxe4 dxe4 26. Nf5 Qe5 27. Rd6
f6 28. Qc7 Rg8 29. Rg7 Qxf5 30. Rxf6 Qh5 31. Rh7# 1-0

[Event "Asian-ch 4"]
[Site "Doha"]
[Date "2003.02.24"]
[Round "3"]
[White "Sundararajan, Kidambi"]
[Black "Barsov, Alexei"]
[Result "0-1"]
[WhiteElo "2416"]
[BlackElo "2525"]
[PlyCount "166"]
[EventDate "2003.02.22"]
[EventType "swiss"]
[EventRounds "9"]
[EventCountry "QAT"]
[Source "Fruth,M"]
[SourceDate "2003.05.15"]

1. Nf3 d5 2. d4 Nf6 3. c4 e6 4. Nc3 Be7 5. Bg5 h6 6. Bh4 O-O 7. e3 b6 8. Bd3 c5
9. O-O cxd4 10. exd4 dxc4 11. Bxc4 Bb7 12. Re1 Nc6 13. a3 Rc8 14. Ba2 Nd5 15.
Nxd5 Bxh4 16. Nf4 Bf6 17. Nxe6 fxe6 18. Bxe6+ Kh8 19. Bxc8 Bxc8 20. Ne5 Ne7 21.
d5 Qd6 22. Qh5 Kh7 23. Rad1 Bb7 24. Ng4 Bg5 25. Re6 Qc5 26. d6 Qc2 27. Rde1 Ng6
28. d7 Nf4 29. d8=Q Rxd8 30. Rxh6+ gxh6 31. Qf7+ Kh8 32. h4 Qh7 33. Qxh7+ Kxh7
34. hxg5 Bxg2 35. gxh6 Kg6 36. Re7 Bf3 37. Rg7+ Kf5 38. Ne3+ Kf6 39. Kh2 a5 40.
Kg3 Nh5+ 41. Kxf3 Nxg7 42. hxg7 Kxg7 43. Nc4 Rd3+ 44. Ke2 Rb3 45. Kd2 a4 46.
Kc2 Kf6 47. Nd2 Rb5 48. b3 axb3+ 49. Nxb3 Rf5 50. Kc3 Ke7 51. Nd2 Kd7 52. f3
Kc6 53. a4 Rf4 54. Kb3 Kd5 55. Ka3 Rd4 56. Nb3 Rf4 57. Nd2 Kd6 58. Kb3 Rd4 59.
Ne4+ Kc6 60. Nc3 Rf4 61. Ne2 Rxf3+ 62. Kc4 Kb7 63. Kb5 Rf5+ 64. Kb4 Ka6 65. Nc1
Rf4+ 66. Ka3 Kb7 67. Kb3 Rd4 68. Ne2 Rh4 69. Nc1 Rh3+ 70. Kc4 Ka6 71. Kb4 Rh4+
72. Ka3 Rc4 73. Nb3 Kb7 74. Nd2 Rd4 75. Nb3 Rg4 76. Nc1 Kc6 77. Kb3 Kd5 78. Ne2
Kc5 79. Nc3 Rg3 80. Kb2 Kb4 81. Nd5+ Ka5 82. Nc3 Rxc3 83. Kxc3 Kxa4 0-1

[Event "Internet Section 17 B"]
[Site "Dos Hermanas"]
[Date "2003.03.18"]
[Round "?"]
[White "PalaciosLl"]
[Black "Clalauquen"]
[Result "0-1"]
[WhiteElo "2440"]
[BlackElo "2459"]
[PlyCount "88"]
[EventDate "2003.03.17"]
[EventType "swiss (blitz)"]
[EventRounds "9"]
[EventCountry "ESP"]
[Source "Fruth,M"]
[SourceDate "2003.05.15"]

1. d4 Nf6 2. Nf3 d5 3. c4 e6 4. Nc3 Be7 5. Bg5 h6 6. Bh4 O-O 7. e3 b6 8. cxd5
Nxd5 9. Nxd5 exd5 10. Bxe7 Qxe7 11. Bd3 Be6 12. O-O c5 13. Rc1 Nd7 14. Qa4 Rfc8
15. a3 a6 16. Bb1 g6 17. Qc2 Bf5 18. Qd2 Bxb1 19. Rxb1 c4 20. Rfc1 b5 21. h3 a5
22. Qc2 Rab8 23. Ra1 Rb7 24. Nd2 Nf6 25. Nb1 Ne4 26. Nc3 Nxc3 27. Qxc3 b4 28.
axb4 axb4 29. Qd2 Rbc7 30. Ra5 c3 31. bxc3 bxc3 32. Qa2 Qb4 33. Rc2 Rb8 34. Kh2
Qd6+ 35. g3 Qf6 36. Kg2 Qf5 37. Rxd5 Qe4+ 38. Kh2 Rb2 39. Rd8+ Kg7 40. Rxb2
cxb2 41. Rb8 Rc1 42. g4 Qf3 43. Rg8+ Kxg8 44. Qa8+ Qxa8 0-1

[Event "Commonwealth-ch"]
[Site "Mumbai"]
[Date "2003.04.22"]
[Round "4"]
[White "Nguyen Anh Dung"]
[Black "Kasimdzhanov, Rustam"]
[Result "1/2-1/2"]
[WhiteElo "2530"]
[BlackElo "2680"]
[PlyCount "76"]
[EventDate "2003.04.20"]
[EventType "swiss"]
[EventRounds "10"]
[EventCountry "IND"]
[Source "Fruth,M"]
[SourceDate "2003.05.15"]

1. d4 d5 2. c4 e6 3. Nc3 Be7 4. Nf3 Nf6 5. Bg5 h6 6. Bh4 O-O 7. e3 b6 8. Bd3
Bb7 9. O-O Nbd7 10. Qe2 c5 11. Rfd1 Ne4 12. Bg3 Nxg3 13. hxg3 cxd4 14. Nxd4 Nf6
15. Rac1 Rc8 16. Ndb5 a6 17. Nd4 Bb4 18. a3 Bxc3 19. Rxc3 e5 20. Nf5 g6 21.
Nxh6+ Kg7 22. Ng4 d4 23. exd4 exd4 24. Rc2 Re8 25. Ne5 Nd7 26. f4 Nxe5 27. fxe5
Qg5 28. Qf2 Qxe5 29. Re2 Qd6 30. Rde1 Rxe2 31. Rxe2 a5 32. Qf4 Qxf4 33. gxf4
Ba6 34. b3 a4 35. Rb2 axb3 36. Rxb3 Bxc4 37. Bxc4 Rxc4 38. Rxb6 d3 1/2-1/2

[Event "Dubai op"]
[Site "Dubai"]
[Date "2003.04.23"]
[Round "2"]
[White "Magerramov, Elmar"]
[Black "Pigusov, Evgeny"]
[Result "1/2-1/2"]
[WhiteElo "2558"]
[BlackElo "2588"]
[PlyCount "67"]
[EventDate "2003.04.21"]
[EventType "swiss"]
[EventRounds "9"]
[EventCountry "UAE"]
[Source "Fruth,M"]
[SourceDate "2003.05.15"]

1. d4 Nf6 2. c4 e6 3. Nf3 d5 4. Nc3 Be7 5. Bg5 h6 6. Bh4 O-O 7. e3 b6 8. Be2
Bb7 9. Bxf6 Bxf6 10. cxd5 exd5 11. b4 c6 12. O-O Re8 13. Qb3 a5 14. bxa5 Rxa5
15. Rab1 Nd7 16. a4 Qa8 17. Rfe1 Ba6 18. Bxa6 Rxa6 19. h3 Re6 20. Rec1 Be7 21.
Qd1 Bd6 22. Ne1 Nf6 23. Nd3 Qd8 24. Nb4 Bxb4 25. Rxb4 Re7 26. Rb2 Qa8 27. Rbc2
Re8 28. Qf3 Ra7 29. Qf5 Re6 30. h4 g6 31. Qf4 Kg7 32. Qf3 h5 33. Rb1 Qd8 34. g3
{00:25:33} 1/2-1/2

[Event "Villa Maria op 1"]
[Site "Villa Maria"]
[Date "2003.??.??"]
[Round "6"]
[White "Monier, Raul"]
[Black "Garcia Palermo, Carlos"]
[Result "0-1"]
[WhiteElo "2405"]
[BlackElo "2443"]
[PlyCount "73"]
[EventDate "2003.05.10"]
[EventType "swiss"]
[EventRounds "7"]
[EventCountry "ARG"]
[Source "Fruth,M"]
[SourceDate "2003.05.15"]

1. d4 d5 2. c4 e6 3. Nc3 Be7 4. Nf3 Nf6 5. Bg5 h6 6. Bh4 O-O 7. e3 b6 8. Rc1
Bb7 9. Bxf6 Bxf6 10. cxd5 exd5 11. b4 c6 12. Be2 Re8 13. O-O a5 14. b5 c5 15.
dxc5 bxc5 16. Na4 c4 17. Nd4 Nd7 18. Nc6 Bxc6 19. bxc6 Ne5 20. Nc3 Rc8 21. Nxd5
Rxc6 22. f4 Rd6 23. Nxf6+ Qxf6 24. Qa4 Nc6 25. Bxc4 Rxe3 26. Rcd1 Rd4 27. Kh1
Rc3 28. Rxd4 Qxd4 29. Qxc6 Qxc4 30. Qxc4 Rxc4 31. Kg1 Ra4 32. Rf2 h5 33. g3 Kh7
34. Kg2 Ra3 35. Rd2 Kh6 36. Kh3 g6 37. Kh4 {en el finish} 0-1

[Event "Sarajevo Bosnia Super IT"]
[Site "Sarajevo"]
[Date "2003.05.19"]
[Round "2"]
[White "Dizdarevic, Emir"]
[Black "Kurajica, Bojan"]
[Result "1/2-1/2"]
[WhiteElo "2491"]
[BlackElo "2551"]
[PlyCount "30"]
[EventDate "2003.05.18"]
[EventType "tourn"]
[EventRounds "9"]
[EventCountry "BIH"]
[EventCategory "16"]
[Source "Fruth,M"]
[SourceDate "2003.05.15"]

1. d4 d5 2. Nf3 Nf6 3. c4 e6 4. Nc3 Be7 5. Bg5 O-O 6. e3 h6 7. Bh4 b6 8. cxd5
Nxd5 9. Bxe7 Qxe7 10. Nxd5 exd5 11. Be2 Be6 12. O-O c5 13. dxc5 bxc5 14. Rc1
Nd7 15. Qa4 a5 1/2-1/2